Szczegóły MARC21

Jednostki uczestnictwa i certyfikaty inwestycyjne funduszy inwestycyjnych : porównanie zagadnień prawnych i organizacyjnych /

003 -Nazwa inst., której nr kontr. jest w polu 001 [,]
    • @
    • Nazwa instytucji, której n kontrolny jest w polu 001
    • NUKAT
005 -DATA I CZAS OSTATNIEJ MODYFIKACJI [,]
    • @
    • pole kontrolne
    • 20250710211618.0
020 -Międzynarod. znormalizowany nr książki - ISBN [ , ]
    • a
    • Numer ISBN
    • 9788363380595 Find
040 -Instytucja sporządzająca opis [ , ]
    • a
    • Instytucja, która sporządziła opis (NP)
    • TOR U/MoM
    • c
    • Instytucja, która sporządziła rekord (NP)
    • TOR U/MoM
    • d
    • Instytucja, która zmodyfikowała rekord (P)
    • TOR U/MoM
    • d
    • Instytucja, która zmodyfikowała rekord (P)
    • WA U/DNs
942 -Rodzaj dokumentu [ , ]
    • c
    • Rodzaj dokumentu
    • Książka
100 -Hasło główne - nazwa osobowa [1, ]
    • a
    • Nazwa osobowa (NP)
    • Siwek, Agnieszka.
    • 9
    • KHW
    • 437432
245 -Strefa tytułu i oznaczenia odpowiedzialności [1,0]
    • a
    • Tytuł
    • Jednostki uczestnictwa i certyfikaty inwestycyjne funduszy inwestycyjnych : Find
    • b
    • Ciąg dalszy tytułu (NP)
    • porównanie zagadnień prawnych i organizacyjnych / Find
    • c
    • Pozostałe elementy strefy tytułu i oznaczenia odpowiedzialności (NP)
    • Agnieszka Siwek, Łukasz Wojakowski.
250 -Strefa wydania [ , ]
    • a
    • Oznaczenie wydania (NP)
    • Stan prawny: 4 czerwca 2016 r.
260 -Strefa adresu wydawniczego [ , ]
    • a
    • Miejsce wydania (P)
    • Warszawa :
    • b
    • Nazwa wydawcy (P)
    • Komisja Nadzoru Finansowego,
    • c
    • Data wydania (P)
    • 2016.
300 -Strefa opisu fizycznego [ , ]
    • a
    • Określenie formy książki i/lub objętość (NP)
    • 40 s. ;
    • c
    • Format (NP)
    • 21 cm.
336 -Typ zawartości [ , ]
    • a
    • Termin opisujący typ zawartości
    • Tekst
    • b
    • Kod określający zawartość
    • txt
    • 2
    • Źródło (terminu i kodu)
    • rdacontent
337 -Typ mediów [ , ]
    • a
    • Tryb odtwarzania
    • Bez urządzenia pośredniczącego
    • b
    • Kod typu mediów
    • n
    • 2
    • Źródło (terminu i kodu)
    • rdamedia
338 -Typ/rodzaj nośnika [ , ]
    • a
    • Hasło opisujące typ nośnika
    • Wolumin
    • b
    • Kod typu nośnika
    • nc
    • 2
    • Źródło (terminu i kodu)
    • rdacarrier
490 -Strefa serii i książki wielotomowej - forma nie do wyszukiwania [1, ]
    • a
    • Tytuł (P)
    • Poradnik Klienta Usług Finansowych Find
830 -Hasło dodatkowe serii i opisu książki wielotomowej - tytuł ujednolicony/tytuł [ ,0]
    • a
    • Tytuł ujednolicony/tytuł (NP)
    • Poradnik Klienta Usług Finansowych
    • 9
    • KHW
    • 47459
500 -Uwaga ogólna [ , ]
    • a
    • Uwaga ogólna (NP)
    • Na s. tyt. i okł. nazwa projektu: CEDUR.
650 -Hasło przedmiotowe [ ,7]
    • a
    • Hasło przedmiotowe
    • Fundusze inwestycyjne
    • x
    • Określnik rzeczowy
    • prawo
    • z
    • Określnik geograficzny
    • Polska.
    • 2
    • Źródło terminu
    • kaba
    • 9
    • KHW
    • 437599
650 -Hasło przedmiotowe [ ,7]
    • a
    • Hasło przedmiotowe
    • Certyfikaty depozytowe
    • z
    • Określnik geograficzny
    • Polska.
    • 2
    • Źródło terminu
    • kaba
    • 9
    • KHW
    • 437600
700 -Hasło dodatkowe - nazwa osobowa [1, ]
    • a
    • Nazwa osobowa (NP)
    • Wojakowski, Łukasz Find
    • c
    • Dopowiedzenie inne niż daty biograficzne (NP)
    • (ekonomia).
    • 9
    • KHW
    • 437433
710 -Hasło dodatkowe - nazwa ciała zbiorowego [1, ]
    • a
    • Nazwa ciała zbiorowego lub nazwa geograficzna jako pierwszy element (NP)
    • Polska.
    • b
    • Nazwa jednostki podrzędnej (P)
    • Komisja Nadzoru Finansowego.
    • 4
    • Kod relacji
    • pbl
    • 9
    • KHW
    • 27398
920 -ISBN [ , ]
    • a
    • ISBN
    • 978-83-63380-59-5 Find
Lokalizacja Data inwentaryzacji Status udost. Numer inwentarzowy
BE2018-01-03-2E.77981
BE2018-01-03-2S.95616
BE2018-01-03-2S.95617
BE2018-01-03-2S.95618